Quizzes
Events
Quiz Creation
Community
Videos
Private Events
Remove Ads
Sign In
Join for FREE
Feedback
Dark Mode
Quiz Categories
Sports
Geography
Music
Movies
Television
Just For Fun
Miscellaneous
History
Literature
Language
Science
Gaming
Entertainment
Religion
Holiday
For Kids
Quiz Lab
Recent
Popular Today
Quiz Kudos Today
Editor Picks
Curator Picks
Quizzes by...
Day
Popularity
Type
Ratings
Length
Year
Community
Subscriptions
Recent Discussions
Orange Saloon
Badges
Playlists
Quests
Create
Leaderboards
Showdown
Live 5
Trivia Bingo
Activity
Puzzle Library
Sporcle Events
Private Events
Virtual Trivia
Globe League
Become a Host
Pub Owners
SporcleCon
Opinionation
Our Games
Videos
Blog
Mobile Apps
Partnerships
Remove Ads and Go Orange
Feedback
Gaming
Video Games
Board Games
Card Games
Pokémon
Mario
Nintendo
Minecraft
Console
Toys
Legend of Zelda
Gaming
Video Games
Board Games
Card Games
Pokémon
Mario
Nintendo
Minecraft
Console
Toys
Legend of Zelda
Random Quiz
Search Sporcle
×
Quiz Lab
Quiz Lab
Gaming
City
Type in answers that appear in a list
Type in answers that appear in a list
Classic
Best Score? Go Orange.
FF7 Cities Stats
Can you name the FF7 Cities?
By
cmjets28
5m
18 Questions
531 Plays
531 Plays
531 Plays
Comments
Comments
Give Quiz Kudos
Give Quiz Kudos
-
- Ratings
hide this ad
Replay
Link that replays current quiz
Next Quiz
Link to next quiz in quiz playlist
You Got
0%
They Got
Avg Score
67%
Avg Friend Score
Upgrade to see
Score Distribution
Jump to the score distribution portion of the page
Score
0/18
Timer
05:00
0
Plays Today
Hint
% Correct
Eastern Continent
Midgar
98.3%
Eastern Continent
Junon
84.4%
Middle Continent
Nibelheim
84.2%
Eastern Continent
Kalm
83.1%
Western Continent
Wutai
79.1%
Middle Continent
Rocket Town
78.2%
Middle Continent
Cosmo Canyon
75.9%
Middle Continent
Costa Del Sol
72.7%
Middle Continent
Gold Saucer
68.2%
Hint
% Correct
Middle Continent
Corel
68%
Easter Continent
Fort Condor
64%
Southern Continent
Mideel
63.1%
Middle Continent
Gongaga
60.8%
Eastern Continent
Chocobo Farm
55.6%
Northern Continent
Bone Village
54.6%
Eastern Continent
Temple of the Ancients
52.7%
Northern Continent
Icicle Village
49.3%
Northern Continent
Forgotten Capital
20.7%
Quiz Playlist
Details
Report
Send in Message
Add To Playlist
Classic:
Type in answers that appear in a list
Last Updated: Feb 16, 2017
Quiz Scoreboard
CHALLENGE
Sign Up to Join the Scoreboard
Show All
Scores
Hide
Comments
May contain spoilers
Recently Published
Decade Duel: World Leaders
by jenniferyan
History
4m
Alphabetical 'K' Countries by Flag Minefield
by ylime102
Geography
3m
Pick 6: Fruits
by JohnFran
Miscellaneous
15s
More to Explore
Quiz From the Vault
Featured Blog Post
15 Basketball Trivia Facts You Can Be March Mad About
hide this ad
You Might Also Like...
Tags
City Quiz
ff7
Today's Top Quizzes in Gaming
Browse Gaming
hide this ad
Today's Top Quizzes in City
Browse City
Top Contributed Quizzes in Gaming
1
Pokémon Gen IV Logic Puzzle (HARD)
2
HARD Pokemon Logic Puzzle
3
Honkai: Star Rail Technique Names Quiz
4
Order Genshin Impact characters by release date!
5
Rainbow Six Siege Operators by Picture
6
Genshin Impact Logic Puzzle
7
Magic: the Gathering Set Symbols - LCI
8
Wii Remote Buttons
9
The Slinky Quiz
10
Genshin Impact Logic Puzzle Quiz
Explore More
Trending Topics
Crossword
Kpop
NBA
Anime
Harry Potter
Marvel
Disney
NFL
Pokémon
WWE
Song
Puzzle
Soccer
The Office
Country
hide this ad
More By:
cmjets28
Quiz
Plays
Rating
Category
Featured
Created
FF7 Cities
531
3.50
Gaming
May 27, 2010
Go to Creator's Profile
Score Distribution
Quiz Creator Spotlight
cmjets28
Follow
Send a Message
Quizzes Created
-
Created Quiz Play Count
-
More By This Creator
Popular Quizzes Today
1
Countries of Asia Without Outlines Minefield
2
Find the US States - No Outlines Minefield
3
Pick 6: Fruits
4
Alphabetical 'K' Countries by Flag Minefield
5
The Countries of the World
6
Find the Countries of Europe - No Outlines Minefield
7
US States
8
Find the US States
More Gaming Quizzes
Profile: Mario
Published
Trending Quizzes
Pick 6: Mountains
Pick 6: Harry Potter
Pick 6: Flags
Pick 6: NFL Teams
Pick 6: Movie Franchises
Recently Updated
Adaptations: Name the Title
pecheneg
NWSL Teams
pecheneg
Women's Final Four Teams by Year
bhenderson79
Presidents Quartet II
eogle
Anything But Clue(do)
eogle
Anything But Oceanian Capitals
eogle
Anything But 7
eogle
Anything But Thing
eogle
Word Ladder: February 29
pecheneg
Song Title Questions
pecheneg
Trending Topics
Anime
Harry Potter
NBA
Disney
Marvel
Kpop
Crossword
Soccer
WWE
The Office
Pokémon
NFL
Puzzle
Country
Song
Your Account Isn't Verified!
In order to create a playlist on Sporcle, you need to verify the email address you used during registration. Go to your
Sporcle Settings
to finish the process.
Report this User
Report this user for behavior that violates our
Community Guidelines
.
Details:
Send Report
Go to the Sporcle.com Mobile Site →
Comments